Catálogo

DISEÑO Y MANEJO DE ESTRUCTURAS DE DATOS EN C (Registro nro. 37144)

Detalles MARC
000 -LEADER
fixed length control field 00512nam a2200181 a 4500
001 - CONTROL NUMBER
control field 37144
005 - DATE AND TIME OF LATEST TRANSACTION
control field 20180714005954.0
008 - FIXED-LENGTH DATA ELEMENTS--GENERAL INFORMATION
fixed length control field 140415s1996 000 0 spa d
020 ## - INTERNATIONAL STANDARD BOOK NUMBER
International Standard Book Number 9586005054
041 ## - LANGUAGE CODE
Language code of text/sound track or separate title spa
082 ## - DEWEY DECIMAL CLASSIFICATION NUMBER
Classification number 005.73
Item number VIL
100 1# - MAIN ENTRY--PERSONAL NAME
Personal name VILLALOBOS S., JORGE A.
245 10 - TITLE STATEMENT
Title DISEÑO Y MANEJO DE ESTRUCTURAS DE DATOS EN C
260 ## - PUBLICATION, DISTRIBUTION, ETC.
Place of publication, distribution, etc. [s.l.] :
Name of publisher, distributor, etc. MCGRAW-HILL INTERAMERICANA,
Date of publication, distribution, etc. 1996
300 ## - PHYSICAL DESCRIPTION
Extent 392
500 ## - GENERAL NOTE
General note 1 DISQUETE
650 14 - SUBJECT ADDED ENTRY--TOPICAL TERM
Topical term or geographic name entry element ESTRUCTURAS DE DATOS (COMPUTADORES)
Existencias
Withdrawn status Lost status Source of classification or shelving scheme Damaged status Not for loan Collection code Home library Current library Shelving location Date acquired Source of acquisition Inventory number Total Checkouts Full call number Barcode Date last seen Price effective from Koha item type
    Dewey Decimal Classification     General Biblioteca Karol Wojtyla Biblioteca Karol Wojtyla Sala general 03/12/2013 Compra 151000000000000000059303   '005.73 VIL 55876 05/01/2026 03/12/2013 Libro